La información desde un panorama nacional / (Record no. 92759)

MARC details
000 -LEADER
campo de control de longitud fija 01142nam a2200289 i 4500
001 - NÚMERO DE CONTROL
campo de control 92759
003 - IDENTIFICADOR DE NÚMERO DE CONTROL
campo de control ES-MaACL
005 - FECHA Y HORA DE LA ÚLTIMA TRANSACCIÓN
campo de control 20250825075233.0
007 - CAMPO FIJO DE DESCRIPCIÓN FÍSICA--INFORMACIÓN GENERAL
campo de control de longitud fija t|
008 - DATOS DE LONGITUD FIJA--INFORMACIÓN GENERAL
campo de control de longitud fija 050429s1963 sp |||| | spa d
080 ## - NÚMERO DE LA CLASIFICACIÓN DECIMAL UNIVERSAL
Número de la Clasificación Decimal Universal 070.431.4
100 1# - ENTRADA PRINCIPAL--NOMBRE DE PERSONA
Nombre de persona Elorriaga, Gabriel.
9 (RLIN) 47081
245 13 - MENCIÓN DEL TÍTULO
Título La información desde un panorama nacional /
Mención de responsabilidad, etc. Gabriel Elorriaga.
260 ## - PUBLICACIÓN, DISTRIBUCIÓN, ETC.
Lugar de publicación, distribución, etc. Madrid :
Nombre del editor, distribuidor, etc. Ateneo :
-- Editora Nacional,
Fecha de publicación, distribución, etc. 1963.
300 ## - DESCRIPCIÓN FÍSICA
Extensión 34 p. , [1] h. ;
Dimensiones 20 cm.
490 1# - MENCIÓN DE SERIE
Mención de serie Colección Ateneo ;
Designación de volumen o secuencia 6
594 ## - Nota al título y mención de responsabilidad
Nota al título y mención de responsabilidad Conferencia pronunciada en el Ateneo de Madrid el 11 de febrero de 1963.
598 ## - NOTA LOCAL
Nota local En verso de anteport.: Esta colección la publica Editora Nacional.
610 27 - PUNTO DE ACCESO ADICIONAL DE MATERIA--NOMBRE DE ENTIDAD CORPORATIVA
Nombre de entidad corporativa o nombre de jurisdicción como elemento de entrada Ateneo de Madrid-
Subdivisión de forma Conferencias-
Subdivisión cronológica 1940-1982.
9 (RLIN) 1908
650 17 - PUNTO DE ACCESO ADICIONAL DE MATERIA--TÉRMINO DE MATERIA
Término de materia o nombre geográfico como elemento de entrada Medios de comunicación social
Fuente del encabezamiento o término embne
9 (RLIN) 14961
710 2# - ENTRADA AGREGADA--NOMBRE DE ENTIDAD CORPORATIVA
Nombre de entidad corporativa o nombre de jurisdicción como elemento de entrada Ateneo de Madrid.
9 (RLIN) 1875
830 0# - PUNTO DE ACCESO ADICIONAL DE SERIE-TÍTULO UNIFORME
Título uniforme Colección Ateneo ;
Designación de volumen o secuencia 6
9 (RLIN) 180032
852 ## - LOCALIZACIÓN
Ubicación ES-MaACL
Número de control de estantería 2185-F-25
852 ## - LOCALIZACIÓN
Ubicación ES-MaACL
Número de control de estantería A-6237 (6)
Encuadernación Olim P-512-bis
Nota libre - En lomo: Vols. 1-11
852 ## - LOCALIZACIÓN
Ubicación ES-MaACL
Número de control de estantería P-211-Ter-1-6.-
Nota libre En lomo: Vols. 1-11
Holdings
Estatus retirado Estado de pérdida Estado de daño No para préstamo Colección Biblioteca de origen Biblioteca actual Ubicación en estantería Fecha de adquisición Fuente de adquisición Total de préstamos Signatura topográfica completa Código de barras Visto por última vez Precio de reemplazo Tipo de ítem Koha
        Fondo Ateneo de Madrid Biblioteca del Ateneo de Madrid Biblioteca del Ateneo de Madrid Depósito 2 04/01/2019     P-211-Ter-1-6 1199556 23/02/2023 23/02/2023 Libro impreso
        Colección de folletos Biblioteca del Ateneo de Madrid Biblioteca del Ateneo de Madrid Depósito folletos 17/01/2008     2185-F-25 1096834 23/02/2023 23/02/2023 Folleto
        Fondo Ateneo de Madrid Biblioteca del Ateneo de Madrid Biblioteca del Ateneo de Madrid Sala Pecera Planta 1 28/03/2011     A-6237 (6) 1186422 23/02/2023 23/02/2023 Libro impreso